Statistics for FC 24 TOTW 21

Click here to take the quiz!

General Stats

  • This quiz has been taken 2 times
  • The average score is 3 of 18

Answer Stats

ratposclubplayer% Correct
TOTW88CBBayern MunichMatthijs de Ligt
100%
TOTW88LMManchester CityPhil Foden
100%
TOTW88CMFC Barcelonaİlkay Gündoğan
50%
TOTW88LWNapoliKhvicha Kvaratskhelia
50%
TOTW85LWSint-TruidenseAboubakary Koita
0%
TOTW85RMFC UtrechtCharlie Booth
0%
TOTW85RMLille OSCEdon Zhegrova
0%
TOTW85CFLuton TownElijah Adebayor
0%
TOTW87LWOL FémininEugénie Le Sommer
0%
TOTW88RMManchester United WomenGeyse
0%
TOTW85LMHuddersfield TownJosh Koroma
0%
TOTW85CMVfL WolfsburgLovro Majer
0%
TOTW87CFWolverhampton WanderersMatheus Cunha
0%
TOTW85LWBVfB StuttgartMaximilian Mittelstädt
0%
TOTW85GKAC MonzaMichele Di Gregorio
0%
TOTW85CBWerder Bremen WomenMichelle Ulbrich
0%
TOTW85CDMYoung BoysSandro Lauper
0%
TOTW87LBAthletic BilbaoYuri Berchiche
0%

Score Distribution

Percentile by Number Answered

Percent of People with Each Score

Your Score History

You have not taken this quiz